Trabajos forzados : los otros oficios de los escritores /

La autora narra cómo 24 afamados escritores se ganaban la vida mientras escribían, durante el primer tercio del siglo XX.

Tallennettuna:
Bibliografiset tiedot
Päätekijä: Galateria, Daria (autor)
Muut tekijät: Romeo, Félix (traducción) (traducción)
Aineistotyyppi: Kirja
Kieli:espanja
Julkaistu: Madrid, España : Impedimenta, 2011, c2011
Aiheet:
Tagit: Lisää tagi
Ei tageja, Lisää ensimmäinen tagi!

MARC

LEADER 00000nam^a2200000^a^4500
001 000350354
005 20250521000000.0
009 20260310114939.55
020 |a 978-84-15130-17-8 
037 |a Acervo ITESO - Biblioteca 
041 |a ESP 
082 |a 809. 04  |b GAL 
100 |a Galateria, Daria  |e (autor) 
245 1 0 |a Trabajos forzados :  |b los otros oficios de los escritores /  |c D. Galateria ; tr. por F. Romeo. 
264 4 |a Madrid, España :  |b Impedimenta,  |c 2011, c2011 
300 |a 198 p. 
336 |a texto  |b txt  |2 rdacontenido 
337 |a sin mediación  |b n  |2 rdamedio 
338 |a volumen  |b nc  |2 rdasoporte 
500 |a Traducción de: Mestieri di scrittori 
520 |a La autora narra cómo 24 afamados escritores se ganaban la vida mientras escribían, durante el primer tercio del siglo XX. 
649 |a XX 
650 |a Escritores -  |x Condiciones Laborales -  |x Tema Principal 
650 |a Literatura -  |x Historia y Crítica 
700 |a Romeo, Félix  |e (traducción) 
910 |a Fondo General 
920 |a Impresos - Libros 
930 |a Colección General 
940 |a Literatura 
905 |a 101 
901 |a 0500240689  |b IT1  |c LIT  |i C144606  |u 20250521 
902 |a https://opac.biblio.iteso.mx/vufind/Record/000350354